000 00487nam a2200169Ia 4500
999 _c21284
_d21284
003 OSt
005 20200519115129.0
008 190216s9999||||xx |||||||||||||| ||und||
020 _a9788189886325
040 _coclc
082 _a305.420954
_bPAN/S
100 _aPanda, A N
_92426
245 0 _aSituating Indian Women /
_cA N Panda
260 _bAbhijeet Publications,
_aDelhi:
_c2008.
300 _a386p
942 _cBK
_2ddc
_h305.420954
_iPAN/S
_k305.420954
_mPAN/S